00621 2200229 4500001002100000005001500021035002000036007000300056008004100059020002200100082001000122084001600132100002600148245005700174250001000231260003400241300003500275650003000310504002900340990001100369990001100380INLIS00000000000434420191030114612 a0010-1019000196ta191030 g 0 ind  a978-602-7760-83-7 a615.8 a615.8 SAR h0 aSARTONO, Tony Pranata1 aHerbal Toga(Tanaman Obat Keluarga) /cS.Tony Pranata acet.1 a[s.l] :bAksara Sukses,c2014 avi, 152 hlm :bilus. ;c24 cm. 4aFARMAKOLOGI. TANAMAN OBAT aBibliografi: hlm 151-152 a6980 a a6980 b